Statistics for My Hero Academia Villains

Click here to take the quiz!

General Stats

  • This quiz has been taken 1,306 times
  • The average score is 9 of 16

Answer Stats

QuirkVillain% Correct
DecayTenko Shimura/Tomura Shigaraki
95%
All For OneAll For One
84%
CremationDabi
80%
TransformHimiko Toga
77%
CompressAtsuhiro Sako/Mr. Compress
72%
DoubleJin Bubaigawara/Twice
72%
BloodcurdleChizome Akaguro/Stain
71%
Warp GateKurogiri
63%
Muscle AugmentationMuscular
60%
Shock Absorption/Super RegenerationNomu
49%
MagnetismKenji Hikiishi/Magne
48%
Sleep GasMustard
45%
Blade-ToothMoonfish
41%
Unknown QuirkShuichi Iguchi/Spinner
14%
QuirklessGiran
5%
Unnamed Strength QuirkTrapezius Head Gear
1%

Score Distribution

Percentile by Number Answered

Percent of People with Each Score

Your Score History

You have not taken this quiz